[Event "4NCL Division 4 South"]
[Site "Daventry, ENG"]
[Date "2019.02.10"]
[Round "6.76"]
[White "Sturt, Charles A"]
[Black "Pal, Rohan"]
[Result "1/2-1/2"]
[WhiteElo "1682"]
[BlackElo "1568"]
[PlyCount "56"]
[EventDate "2019.02.10"]
[WhiteTeam "Celtic Tigers 2"]
[BlackTeam "Warwickshire Select 2"]

1. e4 e5 2. f4 Bc5 3. Nf3 d6 4. Nc3 Nc6 5. Bb5 Bg4 6. Na4 Bb6 7. Nxb6 axb6 8.
f5 Qf6 9. d3 Nge7 10. h3 Bxf3 11. Qxf3 O-O-O 12. h4 g6 13. Bg5 Qg7 14. f6 Qf8
15. fxe7 Nxe7 16. Bf6 Rg8 17. g4 c6 18. Ba4 Rd7 19. O-O-O Kc7 20. d4 exd4 21.
Bxd4 b5 22. Bb3 c5 23. Qc3 Nc6 24. Be3 c4 25. Bxc4 bxc4 26. Qxc4 Qe7 27. Qb3
Qxe4 28. Rhf1 Qe6 1/2-1/2

[Event "4NCL Division 4 South"]
[Site "Daventry, ENG"]
[Date "2019.02.10"]
[Round "6.81"]
[White "Wilks, Simon"]
[Black "Smith, Olivia"]
[Result "1/2-1/2"]
[WhiteElo "2147"]
[BlackElo "2110"]
[PlyCount "274"]
[EventDate "2019.02.10"]
[WhiteTeam "All Anands on Deck"]
[BlackTeam "Fischer's Catch"]

1. e4 e5 2. Nf3 Nf6 3. Nxe5 d6 4. Nf3 Nxe4 5. Nc3 Nxc3 6. dxc3 Be7 7. Be3 Nc6
8. Qd2 Be6 9. O-O-O Qd7 10. Kb1 O-O-O 11. Be2 Bf6 12. h3 h6 13. Nd4 Nxd4 14.
Bxd4 Bxd4 15. Qxd4 Kb8 16. Qxg7 Rhg8 17. Qxh6 Rxg2 18. Qf6 Rdg8 19. h4 R2g6 20.
Qf4 Rh8 21. h5 Rgh6 22. Rhg1 a6 23. Rg7 Qe8 24. Rdg1 Bd5 25. Bd1 Qe6 26. Rg8+
Rxg8 27. Rxg8+ Ka7 28. Qe3+ c5 29. b3 Rf6 30. Rg3 Qxe3 31. fxe3 Rf1 32. Kc1 Rh1
33. Kd2 Kb6 34. Bf3 Bxf3 35. Rxf3 Rxh5 36. Rxf7 Kc6 37. c4 b5 38. Kd3 b4 39.
Rf1 a5 40. Ra1 Rh3 41. a3 Rh2 42. a4 Rg2 43. Rh1 Rg8 44. Rh7 Rg6 45. Rh8 Rg7
46. Ra8 Kb6 47. Rb8+ Kc6 48. Rb5 Ra7 49. Rb8 Kc7 50. Re8 Kd7 51. Rh8 Kc6 52.
Rg8 Kb6 53. Ke4 Kc6 54. Rc8+ Kd7 55. Rf8 Kc6 56. Rh8 Re7+ 57. Kd3 Kb7 58. Rd8
Kc7 59. Rg8 Kb6 60. Rh8 Kc6 61. Rh5 Re8 62. Rh2 Rg8 63. Re2 Re8 64. Re1 Re5 65.
Rh1 Re8 66. Rh6 Rg8 67. Rh5 Re8 68. Rd5 Rh8 69. Rf5 Re8 70. Rf1 Rh8 71. Re1 Rh4
72. Re2 Rg4 73. Rf2 Rg8 74. Rf5 Re8 75. e4 Rh8 76. e5 Rh3+ 77. Kd2 Rh2+ 78. Kd3
Rh3+ 79. Kd2 Rh2+ 80. Kd1 Rh1+ 81. Kd2 Rh2+ 82. Kc1 dxe5 83. Rxe5 Rg2 84. Re8
Kb7 85. Rd8 Ka7 86. Rd2 Rg1+ 87. Kb2 Rg3 88. Rd3 Rg2 89. Rd7+ Kb6 90. Re7 Rf2
91. Kc1 Rh2 92. Kd1 Rg2 93. Re2 Rg6 94. Kd2 Rd6+ 95. Ke3 Re6+ 96. Kf3 Rf6+ 97.
Kg4 Rf8 98. Kg3 Rf7 99. Rf2 Rg7+ 100. Kf4 Rf7+ 101. Ke3 Re7+ 102. Kd3 Re6 103.
Rf5 Kc6 104. c3 Rd6+ 105. Kc2 Rh6 106. cxb4 axb4 107. Rf2 Rd6 108. Rf8 Rh6 109.
Rf3 Rd6 110. Rh3 Kb6 111. Rh5 Kc6 112. a5 Rg6 113. Kd3 Rg3+ 114. Kc2 Rg2+ 115.
Kd3 Rg3+ 116. Kc2 Rg2+ 117. Kd3 Rg3+ 118. Ke4 Rxb3 119. Rh6+ Kb7 120. Kd5 Ra3
121. Kxc5 Rxa5+ 122. Kxb4 Rg5 123. Rd6 Kc7 124. Ra6 Rh5 125. Rg6 Rf5 126. Ra6
Rh5 127. Ra5 Rh6 128. Kb5 Kb7 129. c5 Rg6 130. Ra2 Rh6 131. Rg2 Kc7 132. Rg7+
Kc8 133. Ra7 Kb8 134. Rd7 Kc8 135. Rd6 Rxd6 136. cxd6 Kd8 137. Kc5 Kd7 1/2-1/2

[Event "4NCL Division 4 South"]
[Site "Daventry, ENG"]
[Date "2019.02.10"]
[Round "6.82"]
[White "Staniforth, Matthew"]
[Black "Penna, Tommaso"]
[Result "0-1"]
[WhiteElo "1943"]
[BlackElo "2004"]
[PlyCount "134"]
[EventDate "2019.02.10"]
[WhiteTeam "Fischer's Catch"]
[BlackTeam "All Anands on Deck"]

1. e4 e5 2. Nf3 Nc6 3. Nc3 Nf6 4. Be2 d6 5. d4 exd4 6. Nxd4 g6 7. O-O Bg7 8.
Be3 O-O 9. f4 Re8 10. Bf3 Bd7 11. Re1 Nxd4 12. Bxd4 Bc6 13. a4 a6 14. Qd3 Nd7
15. Rad1 Bxd4+ 16. Qxd4 b5 17. a5 Qb8 18. b4 Qb7 19. Nd5 Bxd5 20. exd5 Rab8 21.
Re3 Qa8 22. Rde1 Rxe3 23. Qxe3 Nf6 24. Qd4 Re8 25. Rxe8+ Qxe8 26. Kf2 Qe7 27.
Qe3 Qd7 28. Qd4 Ng4+ 29. Kg3 h5 30. h3 Nh6 31. Kf2 Qe7 32. g3 Nf5 33. Qc3 g5
34. g4 hxg4 35. hxg4 Nh4 36. Qe3 Qf6 37. fxg5 Qb2 38. Qe8+ Kg7 39. Qe4 Ng6 40.
Be2 Ne5 41. Ke1 Qc1+ 42. Kf2 Qxg5 43. Kg3 Qd2 44. Kh3 Kf8 45. Bd3 Ke7 46. Kg3
Kd8 47. Qd4 Qe1+ 48. Kf4 Qd1 49. Kg3 Qe1+ 50. Kf4 Qh4 51. Bf5 Qh2+ 52. Ke3 Nc4+
53. Ke4 Qxc2+ 54. Kf4 Qc1+ 55. Kg3 Qe1+ 56. Kh3 Ke7 57. Qa7 Qe3+ 58. Qxe3+ Nxe3
59. Bc8 Nxd5 60. Bxa6 c6 61. Bb7 Kd7 62. Kh4 Nxb4 63. Kg5 Nd5 64. a6 Kc7 65.
Ba8 Kb6 66. a7 Nc7 67. Kf6 b4 0-1

[Event "4NCL Division 4 South"]
[Site "Daventry, ENG"]
[Date "2019.02.10"]
[Round "6.83"]
[White "Jones, Tibor"]
[Black "Rathbone-Jones, Ifan"]
[Result "0-1"]
[WhiteElo "1878"]
[BlackElo "1952"]
[PlyCount "164"]
[EventDate "2019.02.10"]
[WhiteTeam "All Anands on Deck"]
[BlackTeam "Fischer's Catch"]

1. d4 Nf6 2. Nf3 d5 3. c4 e6 4. Nc3 Bb4 5. Bg5 Nbd7 6. e3 c6 7. cxd5 exd5 8.
Bd3 h6 9. Bh4 Be7 10. O-O O-O 11. Qc2 Nb6 12. Ne5 Be6 13. f4 Nfd7 14. Bxe7 Qxe7
15. f5 Nxe5 16. dxe5 Bd7 17. f6 Qxe5 18. fxg7 Qxe3+ 19. Kh1 Kxg7 20. Rf3 Qe5
21. Qd2 f5 22. Rg3+ Kh7 23. Rh3 Qf6 24. g4 Rg8 25. gxf5 Rg5 26. Rf1 Rag8 27.
Ne2 c5 28. Qf4 Bc6 29. Ng3 d4+ 30. Be4 Rg4 31. Qf3 Bxe4 32. Nxe4 Qe5 33. Rxh6+
Kxh6 34. Qh3+ Kg7 35. Qxg4+ Kf8 36. Qf3 Nc4 37. Rf2 Ne3 38. Ng3 Rg7 39. a3 c4
40. Re2 Rc7 41. Nf1 c3 42. bxc3 Rxc3 43. Nxe3 Rxe3 44. Rxe3 dxe3 45. Qxb7 e2
46. Qc8+ Kf7 47. Qb7+ Kf6 48. Qc6+ Kxf5 49. Qf3+ Ke6 50. Qc6+ Ke7 51. Qb7+ Kf6
52. Qc6+ Qe6 53. Qf3+ Ke7 54. Qb7+ Kd6 55. Qa6+ Kd5 56. Qd3+ Kc5 57. Qc3+ Kd6
58. Qb4+ Kd5 59. Qb3+ Ke5 60. Qe3+ Kd6 61. Qf4+ Qe5 62. Qh6+ Qe6 63. Qf8+ Kd5
64. Qd8+ Kc4 65. Qh4+ Kb3 66. Qb4+ Ka2 67. Qd2+ Kxa3 68. Qc3+ Ka4 69. Qa1+ Kb3
70. Qb1+ Kc3 71. Qc1+ Kd4 72. Qb2+ Ke3 73. Qc3+ Kf4 74. Qg3+ Ke4 75. Qg2+ Kd3
76. Qf3+ Kc2 77. Qg2 a5 78. h4 a4 79. Kh2 a3 80. Qf2 Qe5+ 81. Kh3 a2 82. Qf3
Qc3 0-1

[Event "4NCL Division 4 South"]
[Site "Daventry, ENG"]
[Date "2019.02.10"]
[Round "6.84"]
[White "Chong, Kimberly"]
[Black "Stamatopoulos, Apostolos"]
[Result "1-0"]
[WhiteElo "1720"]
[BlackElo "1800"]
[PlyCount "129"]
[EventDate "2019.02.10"]
[WhiteTeam "Fischer's Catch"]
[BlackTeam "All Anands on Deck"]

1. e4 c5 2. c3 Nf6 3. e5 Nd5 4. d4 cxd4 5. cxd4 e6 6. Nf3 d6 7. exd6 Bxd6 8.
Bc4 O-O 9. O-O Nc6 10. a3 a6 11. Nc3 Nxc3 12. bxc3 Re8 13. Qd3 Be7 14. Bb3 b5
15. Bc2 g6 16. Re1 Bb7 17. Ne5 Nxe5 18. Rxe5 Qc7 19. Bf4 f6 20. Rxb5 Qc6 21.
Qg3 g5 22. Rb2 Kh8 23. Qh3 f5 24. Be5+ Kg8 25. Ba4 Qd5 26. Bxe8 g4 27. Bf7+
Kxf7 28. Qh5+ Kf8 29. f3 gxf3 30. gxf3 Qxf3 31. Qxf3 Bxf3 32. Rab1 Kf7 33. Rb8
Ra7 34. Kf2 Be4 35. Rg1 Bf8 36. Rc8 Rb7 37. Rc7+ Rxc7 38. Bxc7 Bxa3 39. Be5 Bb2
40. Rg7+ Ke8 41. Ra7 Bxc3 42. Rxa6 Kf7 43. Ra3 Bb4 44. Rg3 Bf8 45. h4 Bc2 46.
Ke2 Be4 47. h5 Bc6 48. Rc3 Bd7 49. Kf3 Bh6 50. Bf4 Bg7 51. Rc7 Ke7 52. Ke3 Bf6
53. Rc1 Be8 54. h6 Kf7 55. Rg1 Bc6 56. Be5 Be8 57. Bxf6 Kxf6 58. Rg7 Bg6 59.
Kf4 Bh5 60. Rxh7 Kg6 61. Re7 Kxh6 62. Rxe6+ Bg6 63. d5 Kg7 64. d6 Kf7 65. Rxg6
1-0

[Event "4NCL Division 4 South"]
[Site "Daventry, ENG"]
[Date "2019.02.10"]
[Round "6.85"]
[White "Samadov, Samir"]
[Black "Carpenter, Raymond"]
[Result "0-1"]
[WhiteElo "1769"]
[BlackElo "1733"]
[PlyCount "68"]
[EventDate "2019.02.10"]
[WhiteTeam "All Anands on Deck"]
[BlackTeam "Fischer's Catch"]

1. e4 c5 2. Nc3 Nc6 3. f4 d6 4. Nf3 g6 5. Bc4 Bg7 6. O-O e6 7. Ne2 d5 8. exd5
exd5 9. Bb5 Qb6 10. Bxc6+ bxc6 11. d4 Nf6 12. Ng3 O-O 13. c3 Re8 14. dxc5 Qxc5+
15. Qd4 Ne4 16. Qxc5 Nxc5 17. f5 Ba6 18. Rd1 Nd3 19. fxg6 hxg6 20. Nd2 Re7 21.
Rb1 Rae8 22. Nf3 Ne1 23. Nxe1 Rxe1+ 24. Rxe1 Rxe1+ 25. Kf2 Rd1 26. Ne2 Bh6 27.
b3 Bxe2 28. Kxe2 Rxc1 29. Rxc1 Bxc1 30. Kd3 Kf8 31. Kd4 Ke7 32. Kc5 Kd7 33. c4
Be3+ 34. Kb4 d4 0-1

[Event "4NCL Division 4 South"]
[Site "Daventry, ENG"]
[Date "2019.02.10"]
[Round "6.86"]
[White "Fraser, Susanna"]
[Black "Mize, Dylan"]
[Result "0-1"]
[WhiteElo "1578"]
[BlackElo "1545"]
[PlyCount "92"]
[EventDate "2019.02.10"]
[WhiteTeam "Fischer's Catch"]
[BlackTeam "All Anands on Deck"]

1. d4 c6 2. c4 d5 3. Nf3 Nf6 4. g3 e6 5. Bg2 Be7 6. O-O O-O 7. Nc3 a6 8. Re1 b5
9. c5 Nbd7 10. b4 a5 11. bxa5 b4 12. Nb1 Qxa5 13. a3 Ne4 14. Nfd2 f5 15. Nxe4
fxe4 16. Bd2 Rb8 17. Qb3 Qa7 18. Bxb4 Bf6 19. e3 Ba6 20. Nd2 Qc7 21. Qa2 Bd3
22. Rac1 Bg5 23. Rc3 Rf6 24. f3 Rbf8 25. fxe4 dxe4 26. Bxe4 Bxe4 27. Nxe4 Rf5
28. Nxg5 Rxg5 29. Qxe6+ Kh8 30. Qd6 Qc8 31. Qe6 Qc7 32. e4 Rg6 33. Qa2 Nf6 34.
Qf2 Qc8 35. Qf5 Nd7 36. Qh3 Qd8 37. d5 Ne5 38. Qg2 Rgf6 39. Kh1 Rf2 40. Qg1 Ng4
41. h3 Qg5 42. Rcc1 Rh2+ 43. Qxh2 Nxh2 44. Kxh2 Rf2+ 45. Kh1 Qxg3 46. Rg1 Qh2#
0-1

[Event "4NCL Division 4 South"]
[Site "Daventry, ENG"]
[Date "2019.02.10"]
[Round "6.91"]
[White "Ogunshola, Ben"]
[Black "Trivedi, Aarnavh"]
[Result "1-0"]
[WhiteElo "2190"]
[BlackElo "1862"]
[PlyCount "115"]
[EventDate "2019.02.10"]
[WhiteTeam "The Pitstop"]
[BlackTeam "Poisoned Pawns - Next Generation"]

1. c4 c6 2. Nf3 Nf6 3. g3 g6 4. Bg2 Bg7 5. O-O O-O 6. d4 d5 7. cxd5 cxd5 8. Ne5
Nc6 9. Nxc6 bxc6 10. Nc3 e6 11. Bf4 Nh5 12. Be3 e5 13. dxe5 Bxe5 14. Bd4 Bxd4
15. Qxd4 Ng7 16. e3 Ne6 17. Qd2 a5 18. Qc2 Ba6 19. Rfd1 Rc8 20. Na4 Bb5 21. Nc5
Nxc5 22. Qxc5 Qf6 23. Rd4 a4 24. Rb4 a3 25. Rb1 axb2 26. R1xb2 Rfd8 27. Rd4 h5
28. Rbd2 Bc4 29. e4 Rb8 30. exd5 Rb1+ 31. Rd1 Rxd1+ 32. Rxd1 Bxa2 33. d6 Bd5
34. Bxd5 cxd5 35. Rxd5 Qe6 $11 36. h4 Kg7 37. d7 Kh7 38. Rd6 Qe4 39. Rd4 Qe6
$11 40. Qc7 Qe7 41. Kf1 Kg7 42. Qc3 Kh7 43. Qd2 Kg7 44. Qd3 Qe6 45. Rd6 Qe7 46.
Qd4+ Kh7 47. f4 Kg8 48. f5 Kh7 49. f6 Qf8 50. Kf2 Qh6 51. Qe3 Qf8 52. Qe7 Qg8
53. Rd5 Kh8 54. Ke3 Kh7 55. Kd4 Kh8 56. Kc5 Kh7 57. Kc6 Kh8 58. Kc7 1-0

[Event "4NCL Division 4 South"]
[Site "Daventry, ENG"]
[Date "2019.02.10"]
[Round "6.92"]
[White "Volovich, Julia"]
[Black "Froom, Oliver"]
[Result "1/2-1/2"]
[WhiteElo "1885"]
[BlackElo "1940"]
[PlyCount "37"]
[EventDate "2019.02.10"]
[WhiteTeam "Poisoned Pawns - Next Generation"]
[BlackTeam "The Pitstop"]

1. d4 Nf6 2. c4 e6 3. Nc3 d5 4. Bg5 Be7 5. e3 O-O 6. Nf3 h6 7. Bh4 b6 8. cxd5
Nxd5 9. Bxe7 Qxe7 10. Nxd5 exd5 11. Bd3 Be6 12. O-O c5 13. b3 Nd7 14. Rc1 Rfc8
15. Qe2 Bg4 16. h3 Bxf3 17. Qxf3 Nf6 18. Rfd1 Rd8 19. Bb5 1/2-1/2

[Event "4NCL Division 4 South"]
[Site "Daventry, ENG"]
[Date "2019.02.10"]
[Round "6.93"]
[White "Carter, John P"]
[Black "Srivastava, Arnav"]
[Result "0-1"]
[WhiteElo "1840"]
[BlackElo "1870"]
[PlyCount "40"]
[EventDate "2019.02.10"]
[WhiteTeam "The Pitstop"]
[BlackTeam "Poisoned Pawns - Next Generation"]

1. e4 e5 2. Nf3 Nc6 3. Bb5 a6 4. Ba4 Nf6 5. O-O Be7 6. Re1 b5 7. Bb3 O-O 8. c3
d6 9. h3 Na5 10. Bc2 c5 11. d4 Nc6 12. dxc5 dxc5 13. Qxd8 Rxd8 14. a4 b4 15.
Bg5 Be6 16. Nbd2 Rab8 17. c4 h6 18. Bh4 g5 19. Bg3 Nh5 20. Bxe5 Nxe5 0-1

[Event "4NCL Division 4 South"]
[Site "Daventry, ENG"]
[Date "2019.02.10"]
[Round "6.94"]
[White "Weersing, Abigail Riis"]
[Black "Olufemi, George"]
[Result "1-0"]
[WhiteElo "1862"]
[BlackElo "1765"]
[PlyCount "81"]
[EventDate "2019.02.10"]
[WhiteTeam "Poisoned Pawns - Next Generation"]
[BlackTeam "The Pitstop"]

1. d4 g6 2. Nf3 Bg7 3. Bf4 Nf6 4. e3 c5 5. c3 O-O 6. Bd3 Nd5 7. Bg3 cxd4 8.
exd4 Qb6 9. Qe2 Qf6 10. Bc4 Nf4 11. Bxf4 Qxf4 12. O-O e6 13. Re1 d6 14. Nbd2 b6
15. d5 e5 16. Ne4 Rd8 17. Qe3 Qxe3 18. Rxe3 h6 19. Rd1 f5 20. Ned2 Nd7 21. Bb5
Nc5 22. b4 Na6 23. Nc4 Nc7 24. Bc6 Rb8 25. a4 Bf6 26. h3 g5 27. Nfd2 h5 28. f3
b5 29. Na5 Rf8 30. axb5 Nxb5 31. Bxb5 Rxb5 32. Ndc4 Be7 33. Nc6 Kf7 34. Nxa7
Rb8 35. Ra1 f4 36. Ree1 Bf5 37. Nc6 Rb7 38. N4a5 Rd7 39. b5 Bd8 40. Nc4 Bd3 41.
N4xe5+ 1-0

[Event "4NCL Division 4 South"]
[Site "Daventry, ENG"]
[Date "2019.02.10"]
[Round "6.95"]
[White "Sloan, Hamish"]
[Black "Dharmasena, Gavith"]
[Result "1/2-1/2"]
[WhiteElo "1520"]
[BlackElo "1855"]
[PlyCount "101"]
[EventDate "2019.02.10"]
[WhiteTeam "The Pitstop"]
[BlackTeam "Poisoned Pawns - Next Generation"]

1. e4 e5 2. Nf3 Nc6 3. Bb5 a6 4. Ba4 Nf6 5. O-O Be7 6. Re1 b5 7. Bb3 O-O 8. c3
d5 9. d4 dxe4 10. dxe5 Qxd1 11. Bxd1 Ng4 12. Rxe4 Bf5 13. Re2 Bd3 14. Re1 Bc5
15. Be3 Nxe3 16. fxe3 Rfe8 17. Nbd2 Nxe5 18. Nxe5 Rxe5 19. Kf2 Rae8 20. Nf1
Bxf1 21. Kxf1 Bxe3 22. Bf3 Bf4 23. Rxe5 Bxe5 24. g3 Rd8 25. Rd1 Rxd1+ 26. Bxd1
f5 27. Kg2 Kf7 28. Bf3 Ke6 29. Bb7 a5 30. Ba6 b4 31. Bc4+ Kd6 32. cxb4 axb4 33.
b3 Kc5 34. Kf3 Kd4 35. h3 g5 36. g4 f4 37. Bf7 Bd6 38. Bg8 h6 39. Bf7 Be7 40.
Bc4 Bd6 41. Bf7 Kd3 42. Bc4+ Kd2 43. Kf2 Bc5+ 44. Kf3 Ke1 45. Ba6 Kd2 46. Bc4
Kc2 47. Ke2 Kb2 48. Kd1 f3 49. Kd2 Kxa2 50. Kc2 f2 51. Bf1 1/2-1/2

[Event "4NCL Division 4 South"]
[Site "Daventry, ENG"]
[Date "2019.02.10"]
[Round "6.96"]
[White "Dharmasena, Kian"]
[Black "Fernando, Manel"]
[Result "1/2-1/2"]
[WhiteElo "1757"]
[BlackElo "1497"]
[PlyCount "45"]
[EventDate "2019.02.10"]
[WhiteTeam "Poisoned Pawns - Next Generation"]
[BlackTeam "The Pitstop"]

1. e4 e5 2. Nf3 Nc6 3. Bc4 Be7 4. d3 d6 5. c3 Na5 6. Bb5+ c6 7. Ba4 b5 8. Bc2
Nf6 9. O-O O-O 10. Nbd2 Bg4 11. h3 Bh5 12. Re1 Nb7 13. Nf1 Qc7 14. Ng3 Bg6 15.
a4 a6 16. d4 Rfd8 17. axb5 cxb5 18. Nh4 d5 19. Nxg6 hxg6 20. exd5 exd4 21. Qxd4
Rxd5 22. Qe3 Bc5 23. Qf3 1/2-1/2

[Event "4NCL Division 4 South"]
[Site "Daventry, ENG"]
[Date "2019.02.10"]
[Round "6.101"]
[White "Pink, Joshua"]
[Black "Leadbetter, Scott"]
[Result "1-0"]
[WhiteElo "2020"]
[BlackElo "1757"]
[PlyCount "51"]
[EventDate "2019.02.10"]
[WhiteTeam "Throw in the Tal"]
[BlackTeam "Crowthorne 2"]

1. e4 d5 2. Nc3 d4 3. Nce2 e5 4. Ng3 Be6 5. Nf3 Nd7 6. d3 h6 7. Be2 Be7 8. O-O
Ngf6 9. h3 O-O 10. Nh2 Ne8 11. Bg4 g5 12. Nf5 Kh7 13. h4 f6 14. hxg5 fxg5 15.
Nxh6 Bxg4 16. N2xg4 Kg6 17. g3 Ng7 18. Kg2 Rh8 19. Rh1 Bf6 20. f4 exf4 21. gxf4
gxf4 22. Bxf4 Bg5 23. Qd2 Ne6 24. Bxg5 Nxg5 25. Nf5 Nf6 26. Ne5# 1-0

[Event "4NCL Division 4 South"]
[Site "Daventry, ENG"]
[Date "2019.02.10"]
[Round "6.102"]
[White "Kirby, Andrew"]
[Black "Ireland, David J"]
[Result "0-1"]
[WhiteElo "1637"]
[BlackElo "2027"]
[PlyCount "44"]
[EventDate "2019.02.10"]
[WhiteTeam "Crowthorne 2"]
[BlackTeam "Throw in the Tal"]

1. c4 e5 2. Nc3 Nc6 3. g3 Nf6 4. Bg2 d6 5. e4 g6 6. Nge2 Bg7 7. O-O O-O 8. d3
Nh5 9. f4 f5 10. Be3 Be6 11. exf5 Bxf5 12. Qd2 Qd7 13. a3 Rae8 14. b4 exf4 15.
Bxf4 Nxf4 16. Nxf4 Bd4+ 17. Kh1 Qg7 18. Nfd5 Ne5 19. Rxf5 Rxf5 20. Rc1 Ng4 21.
Ne4 Rxe4 22. Bxe4 Rf2 0-1

[Event "4NCL Division 4 South"]
[Site "Daventry, ENG"]
[Date "2019.02.10"]
[Round "6.103"]
[White "Goodwin, Ed H"]
[Black "Love, James"]
[Result "1-0"]
[WhiteElo "1877"]
[BlackElo "1660"]
[PlyCount "49"]
[EventDate "2019.02.10"]
[WhiteTeam "Throw in the Tal"]
[BlackTeam "Crowthorne 2"]

1. d4 b6 2. e4 Bb7 3. Nd2 e6 4. Ngf3 d6 5. Bd3 Nd7 6. Qe2 a6 7. O-O Ne7 8. Re1
Ng6 9. Nf1 Be7 10. Bd2 h6 11. e5 Bxf3 12. Qxf3 dxe5 13. Bxg6 fxg6 14. Qg4 Nf8
15. dxe5 c5 16. Rad1 Qd4 17. Qf3 Qd5 18. Qa3 Qc6 19. c4 Kf7 20. Ng3 Kg8 21. Bc1
Kh7 22. Ne4 Nd7 23. Bf4 Rhd8 24. Qf3 Rf8 25. Ng5+ 1-0

[Event "4NCL Division 4 South"]
[Site "Daventry, ENG"]
[Date "2019.02.10"]
[Round "6.104"]
[White "Coates, Christine"]
[Black "Graff, Ben"]
[Result "0-1"]
[WhiteElo "1345"]
[BlackElo "1847"]
[PlyCount "94"]
[EventDate "2019.02.10"]
[WhiteTeam "Crowthorne 2"]
[BlackTeam "Throw in the Tal"]

1. d4 Nf6 2. Nf3 d5 3. Bf4 c5 4. c3 Nc6 5. e3 Qb6 6. Qb3 c4 7. Qxb6 axb6 8. Be2
Bf5 9. Nbd2 Ne4 10. O-O e6 11. h3 b5 12. a3 Be7 13. Rfd1 O-O 14. Ne5 Na5 15.
Nxe4 Bxe4 16. Rf1 Nb3 17. f3 Nxa1 18. Rxa1 Bg6 19. Nxg6 fxg6 20. Be5 Bf6 21. f4
Bxe5 22. fxe5 Kf7 23. Bf3 Ke7 24. Kf2 Rf7 25. Ke2 Raf8 26. a4 Ra8 27. a5 Ra6
28. Ra3 Kd8 29. e4 dxe4 30. Bxe4 Kc7 31. Bf3 Rf8 32. Bg4 h5 33. Bf3 Rfa8 34.
Kd2 Rxa5 35. Rxa5 Rxa5 36. Kc2 Ra8 37. d5 exd5 38. Bxd5 Re8 39. e6 Kd6 40. Bxb7
Rxe6 41. Bf3 h4 42. Bg4 Rf6 43. Bf3 g5 44. Kd2 Ke5 45. Ke3 Ra6 46. Kd2 Kf4 47.
Bc6 Rxc6 0-1

[Event "4NCL Division 4 South"]
[Site "Daventry, ENG"]
[Date "2019.02.10"]
[Round "6.105"]
[White "Davidson, Laura"]
[Black "Shek, Kim"]
[Result "1/2-1/2"]
[WhiteElo "1757"]
[BlackElo "1262"]
[PlyCount "40"]
[EventDate "2019.02.10"]
[WhiteTeam "Throw in the Tal"]
[BlackTeam "Crowthorne 2"]

1. e4 e5 2. Nf3 d6 3. d4 Nc6 4. Bb5 Nf6 5. Nc3 Bg4 6. dxe5 dxe5 7. Qxd8+ Kxd8
8. Bxc6 Bxf3 9. gxf3 bxc6 10. Be3 Bd6 11. O-O-O Ke7 12. Rhe1 a5 13. Na4 Rhb8
14. a3 Nd7 15. Rd3 c5 16. Red1 Ra6 17. Rc3 Rb5 18. Rg1 g6 19. Rd1 Rc6 20. Kb1
Ke6 1/2-1/2

[Event "4NCL Division 4 South"]
[Site "Daventry, ENG"]
[Date "2019.02.10"]
[Round "6.111"]
[White "Gogia, Armaan"]
[Black "Gundry, Arran K"]
[Result "1-0"]
[WhiteElo "1982"]
[BlackElo "1922"]
[PlyCount "65"]
[EventDate "2019.02.10"]
[WhiteTeam "Ashfield 2"]
[BlackTeam "Banbury Bulldogs"]

1. Nc3 e6 2. e4 d5 3. Nf3 Nf6 4. e5 Nfd7 5. d4 c5 6. dxc5 Bxc5 7. Bd3 Nc6 8.
Bf4 f6 9. exf6 Qxf6 10. Bg5 Qf7 11. Qe2 O-O 12. O-O-O Nb4 13. Rhe1 Nxd3+ 14.
Qxd3 Nb8 15. Be3 Bxe3+ 16. Rxe3 g6 17. Rde1 Nc6 18. Ng5 Qf4 $11 19. Nf3 Rd8 20.
Ne2 Qf6 21. Ned4 Nxd4 22. Qxd4 Qe7 23. Kb1 Rd6 24. h4 Bd7 25. Ne5 Be8 26. Ng4
h5 27. Nf6+ Kf8 28. Nxh5 Qh7 29. Qf4+ Ke7 30. Qg5+ Kf8 31. Rf3+ Bf7 32. Nf4 Ke8
33. Nxd5 1-0

[Event "4NCL Division 4 South"]
[Site "Daventry, ENG"]
[Date "2019.02.10"]
[Round "6.113"]
[White "Flynn, David"]
[Black "Rowan, Daniel"]
[Result "1-0"]
[WhiteElo "1930"]
[BlackElo "1813"]
[PlyCount "71"]
[EventDate "2019.02.10"]
[WhiteTeam "Ashfield 2"]
[BlackTeam "Banbury Bulldogs"]

1. e4 c5 2. c3 Nf6 3. e5 Nd5 4. Nf3 e6 5. d4 cxd4 6. cxd4 d6 7. a3 Be7 8. Bd3
b6 9. O-O O-O 10. Qc2 g6 11. Bh6 Re8 12. Be4 Bb7 13. Nc3 Nd7 14. Nxd5 Bxd5 15.
Bxd5 exd5 16. Rfe1 dxe5 17. dxe5 Nc5 18. b4 Ne6 19. Rad1 Qd7 20. Qd3 Rad8 21.
Nd4 Bf8 22. Bxf8 Kxf8 23. g3 Ng5 24. f3 Kg7 25. Re3 h5 26. h4 Ne6 27. Kg2 Re7
28. Qb5 Nxd4 29. Qxd7 Rexd7 30. Rxd4 Kf8 31. f4 Ke7 32. Rc3 Rb8 33. Kf3 Rbb7
34. Ke3 Ke6 35. Rc6+ Kf5 36. Kf3 1-0

[Event "4NCL Division 4 South"]
[Site "Daventry, ENG"]
[Date "2019.02.10"]
[Round "6.114"]
[White "Jackson, Gary C"]
[Black "Graham, Neil"]
[Result "0-1"]
[WhiteElo "1805"]
[BlackElo "1825"]
[PlyCount "56"]
[EventDate "2019.02.10"]
[WhiteTeam "Banbury Bulldogs"]
[BlackTeam "Ashfield 2"]

1. e4 e5 2. Nf3 Nf6 3. Nxe5 d6 4. Nf3 Nxe4 5. d3 Nf6 6. h3 Be7 7. d4 d5 8. Bd3
Nc6 9. c3 Be6 10. O-O Qd7 11. Re1 O-O-O 12. b4 Bd6 13. Nbd2 h6 14. a4 g5 15. a5
g4 16. b5 gxf3 17. Qxf3 Ne7 18. Qxf6 Bxh3 19. b6 a6 20. bxc7 Rdg8 21. Bf1 Bxg2
22. Bxg2 Qh3 23. Qf3 Rxg2+ 24. Qxg2 Rg8 25. Qxg8+ Nxg8 26. Re8+ Kxc7 27. Rxg8
Bh2+ 28. Kh1 Bg3+ 0-1

[Event "4NCL Division 4 South"]
[Site "Daventry, ENG"]
[Date "2019.02.10"]
[Round "6.115"]
[White "Hill, Maurice J"]
[Black "Evans, Christopher J"]
[Result "1-0"]
[WhiteElo "1810"]
[BlackElo "1739"]
[PlyCount "73"]
[EventDate "2019.02.10"]
[WhiteTeam "Ashfield 2"]
[BlackTeam "Banbury Bulldogs"]

1. g3 f5 2. Bg2 Nf6 3. Nf3 e6 4. c4 Be7 5. Nc3 O-O 6. d3 c6 7. e4 fxe4 8. dxe4
d6 9. O-O e5 10. Qc2 Qe8 11. Qd2 h6 12. h4 Bg4 13. Nh2 Be6 14. b3 Nbd7 15. Ba3
Nc5 16. Rad1 Rd8 17. Qe2 Qg6 18. Rd2 Nh5 19. Qe3 b6 20. Ne2 Nb7 21. f4 exf4 22.
Nxf4 Nxf4 23. Rxf4 Rxf4 24. Qxf4 Rf8 25. Qe3 c5 26. e5 Qb1+ 27. Nf1 Bc8 28.
exd6 Bxd6 29. Bb2 Qg6 30. Bd5+ Kh8 31. Qd3 Bf5 32. Qc3 Nd8 33. Rf2 Be7 34. Kh2
Qg4 35. Bg2 Ne6 36. Ne3 Nd4 37. Nxg4 1-0

[Event "4NCL Division 4 South"]
[Site "Daventry, ENG"]
[Date "2019.02.10"]
[Round "6.116"]
[White "Friend, Paul T"]
[Black "Taylor, Robert P"]
[Result "0-1"]
[WhiteElo "1802"]
[BlackElo "1757"]
[PlyCount "78"]
[EventDate "2019.02.10"]
[WhiteTeam "Banbury Bulldogs"]
[BlackTeam "Ashfield 2"]

1. Nc3 c6 2. Nf3 d5 3. e4 e6 4. d4 Nd7 5. exd5 exd5 6. Bf4 Ngf6 7. Bd3 Be7 8.
O-O O-O 9. h3 Re8 10. Re1 Nf8 11. Qd2 Ne6 12. Be3 g6 13. Ne2 b5 14. a4 b4 15.
Ne5 Bb7 16. f4 c5 17. c3 a5 18. Rac1 c4 19. Bb1 Ne4 20. Bxe4 dxe4 21. g4 Rc8
22. Ng3 f6 23. Nxg6 hxg6 24. f5 Qd6 25. Qf2 Ng5 26. Bxg5 fxg5 27. Nxe4 Bxe4 28.
Rxe4 gxf5 29. gxf5 Bf6 30. Rce1 Kf7 31. Qf3 Rh8 32. Re6 Qd7 33. Rb6 Bxd4+ 34.
cxd4 Qxd4+ 35. Qe3 Qxe3+ 36. Rxe3 c3 37. bxc3 bxc3 38. Rb1 c2 39. Rc1 Rhd8 0-1

[Event "4NCL Division 4 South"]
[Site "Daventry, ENG"]
[Date "2019.02.10"]
[Round "6.121"]
[White "Cole, Graham"]
[Black "Bowcott, Dustin"]
[Result "1/2-1/2"]
[WhiteElo "1806"]
[BlackElo "1892"]
[PlyCount "41"]
[EventDate "2019.02.10"]
[WhiteTeam "Oxford 4"]
[BlackTeam "Shropshire 3"]

1. e4 c5 2. Nf3 d6 3. d4 cxd4 4. Nxd4 Nf6 5. Nc3 a6 6. Be3 Ng4 7. Bg5 h6 8. Bh4
g5 9. Bg3 Bg7 10. Be2 Nf6 11. O-O Qc7 12. Qd2 Qc5 13. Rad1 Bd7 14. Nb3 Qc7 15.
f3 Nc6 16. Bf2 b5 17. Nd5 Nxd5 18. exd5 Ne5 19. c3 Nc4 20. Bxc4 bxc4 21. Bd4
1/2-1/2

[Event "4NCL Division 4 South"]
[Site "Daventry, ENG"]
[Date "2019.02.10"]
[Round "6.122"]
[White "Clarke, Neil"]
[Black "Neatherway, A Philip"]
[Result "1/2-1/2"]
[WhiteElo "1907"]
[BlackElo "1792"]
[PlyCount "39"]
[EventDate "2019.02.10"]
[WhiteTeam "Shropshire 3"]
[BlackTeam "Oxford 4"]

1. d4 Nf6 2. Bf4 g6 3. Nc3 d5 4. e3 Bg7 5. Be2 c6 6. Qd2 Nbd7 7. Nf3 Nh5 8. Bg5
h6 9. Bh4 g5 10. Ne5 Nxe5 11. dxe5 Bxe5 12. Bxh5 gxh4 13. f4 Bg7 14. e4 dxe4
15. Qxd8+ Kxd8 16. O-O-O+ Kc7 17. Nxe4 Bf5 18. Rhe1 Rad8 19. Rxd8 Rxd8 20. Bxf7
1/2-1/2